Statistics for Anagrams - France

Click here to take the quiz!

General Stats

  • This quiz has been taken 16 times
  • The average score is 9 of 15

Answer Stats

HintAnswer% Correct
IsparParis
100%
InewWine
86%
UrloveLouvre
79%
TonemMonet
79%
GaccnoCognac
71%
NoshiafFashion
71%
MeerpufPerfume
64%
GatebuteBaguette
57%
NrocsatisCroissant
57%
InmaceCinema
50%
OnnapoleNapoleon
50%
IrevotlaVoltaire
36%
NicesuiCuisine
29%
MencaroRomance
29%
LebarilBraille
21%

Score Distribution

Percentile by Number Answered

Percent of People with Each Score

Your Score History

You have not taken this quiz